[Event "Teteven op 32nd"]
[Site "Teteven"]
[Date "2018.08.18"]
[Round "8"]
[White "Dimitrov, Dejan"]
[Black "Dimitrov, Ivan"]
[Result "1-0"]
[WhiteElo "2147"]
[BlackElo "1741"]
[PlyCount "61"]
[EventDate "2018.08.11"]
[EventType "swiss"]
[EventRounds "9"]
[EventCountry "BUL"]
[SourceTitle "CBM 186 Extra"]
[Source "ChessBase"]
[SourceDate "2018.08.24"]
[SourceVersion "1"]
[SourceVersionDate "2018.08.24"]
[SourceQuality "1"]

1. e4 c5 2. Nf3 e6 3. d3 Nc6 4. c3 d6 5. g3 Be7 6. Bg2 Nf6 7. 0-0 0-0 8. Re1 e5 9. h3 Rb8 10. d4 b5 11. d5 Na5 12. b3 Bd7 13. Na3 Qc7 14. Nc2 Nb7 15. Nd2 a5 16. Ne3 b4 17. Qc2 Rfc8 18. Ndc4 Ra8 19. Bd2 g6 20. Kh2 Kg7 21. f4 Bb5 22. Qb2 Nd7 23. Rac1 Bxc4 24. Nxc4 bxc3 25. Bxc3 f6 26. h4 Rd8 27. Bh3 Nb6 28. fxe5 fxe5 29. Nxe5 Bf6 30. Ng4 Bxc3 31. Qxc3+ 1-0

[Event "Teteven op 32nd"]
[Site "Teteven"]
[Date "2018.08.14"]
[Round "4"]
[White "Galunov, Georgi"]
[Black "Dimitrov, Ivan"]
[Result "1/2-1/2"]
[WhiteElo "1821"]
[BlackElo "1741"]
[PlyCount "115"]
[EventDate "2018.08.11"]
[EventType "swiss"]
[EventRounds "9"]
[EventCountry "BUL"]
[SourceTitle "CBM 186 Extra"]
[Source "ChessBase"]
[SourceDate "2018.08.24"]
[SourceVersion "1"]
[SourceVersionDate "2018.08.24"]
[SourceQuality "1"]

1. e4 c5 2. c3 d5 3. exd5 Qxd5 4. d4 e6 5. Na3 a6 6. Nc4 Nd7 7. a4 cxd4 8. cxd4 Bb4+ 9. Bd2 Bxd2+ 10. Qxd2 Ngf6 11. Be2 0-0 12. Nf3 Ne4 13. Qb4 b5 14. Ne3 Qb7 15. axb5 axb5 16. 0-0 Rb8 17. Ra5 Qc7 18. d5 Ndf6 19. dxe6 Bxe6 20. Rxb5 Rxb5 21. Bxb5 Rb8 22. Qa4 Qb6 23. Rd1 h6 24. Nd4 Rd8 25. Nxe6 Rxd1+ 26. Qxd1 fxe6 27. Bc4 Kf7 28. Qb3 Qxb3 29. Bxb3 Ke7 30. f3 Nc5 31. Bc4 Kd6 32. Kf2 Na4 33. b3 Nb6 34. Bd3 Nfd5 35. Nc4+ Nxc4 36. Bxc4 Nb6 37. Ke3 Ke5 38. Kd3 g5 39. g3 h5 40. Ke3 h4 41. f4+ gxf4+ 42. gxf4+ Kf5 43. Kf3 e5 44. fxe5 Kxe5 45. Kg4 Kf6 46. Kxh4 Nd7 47. Kg4 Ke5 48. b4 Kf6 49. Kf4 Nb6 50. Bb3 Nc8 51. Ke4 Nd6+ 52. Kd5 Nb5 53. Kc5 Na3 54. Ba4 Kg5 55. Kd4 Kh4 56. Bd7 Nc2+ 57. Kc5 Nxb4 58. Kxb4 1/2-1/2

[Event "Teteven op 32nd"]
[Site "Teteven"]
[Date "2018.08.13"]
[Round "3"]
[White "Dimitrov, Ivan"]
[Black "Ivanov, Boris1"]
[Result "1/2-1/2"]
[WhiteElo "1741"]
[BlackElo "1953"]
[PlyCount "46"]
[EventDate "2018.08.11"]
[EventType "swiss"]
[EventRounds "9"]
[EventCountry "BUL"]
[SourceTitle "CBM 186 Extra"]
[Source "ChessBase"]
[SourceDate "2018.08.24"]
[SourceVersion "1"]
[SourceVersionDate "2018.08.24"]
[SourceQuality "1"]

1. d4 Nf6 2. c4 e6 3. Nf3 a6 4. a3 d5 5. e3 dxc4 6. Bxc4 b5 7. Be2 Bb7 8. 0-0 Nbd7 9. Nc3 Bd6 10. b4 0-0 11. Bb2 Qe7 12. Qc2 e5 13. Nd2 Rae8 14. Nb3 Nd5 15. Bf3 N7f6 16. Nxd5 Nxd5 17. dxe5 Bxe5 18. Bxe5 Qxe5 19. Nc5 Bc8 20. Bxd5 Qxd5 21. Rfd1 Qc6 22. Rd4 Re7 23. Qd2 Qg6 1/2-1/2

[Event "Primorsko op"]
[Site "Primorsko"]
[Date "2017.09.21"]
[Round "6"]
[White "Bratimirova, Dimitrinka"]
[Black "Dimitrov, Ivan"]
[Result "1-0"]
[WhiteElo "1853"]
[BlackElo "1765"]
[PlyCount "75"]
[EventDate "2017.09.17"]
[EventType "swiss"]
[EventRounds "9"]
[EventCountry "BUL"]
[SourceTitle "CBM 180 Extra"]
[Source "ChessBase"]
[SourceDate "2017.10.06"]
[SourceVersion "1"]
[SourceVersionDate "2017.10.06"]
[SourceQuality "1"]

1. e4 c5 2. Nf3 e6 3. d4 cxd4 4. Nxd4 a6 5. c4 d6 6. Nc3 Nf6 7. Be3 Be7 8. Be2 0-0 9. 0-0 Nc6 10. Qd2 Nxd4 11. Bxd4 e5 12. Be3 Be6 13. f3 Rc8 14. b3 Qc7 15. Rac1 Qb8 16. Rfd1 Rfe8 17. Bf1 Bf8 18. Qf2 Rc6 19. Bd3 g6 20. Nd5 Bxd5 21. exd5 Rc7 22. Bb6 Rd7 23. Re1 Nh5 24. g3 f5 25. Bf1 Ng7 26. b4 Kh8 27. Rcd1 f4 28. c5 Rf7 29. g4 g5 30. h4 h6 31. hxg5 h5 32. Qh2 e4 33. fxe4 Qc8 34. Bh3 f3 35. Kf2 h4 36. g6 Rfe7 37. Qf4 Qd7 38. Qh6+ 1-0

[Event "Primorsko op"]
[Site "Primorsko"]
[Date "2017.09.18"]
[Round "2"]
[White "Nenchev, Georgi"]
[Black "Dimitrov, Ivan"]
[Result "1/2-1/2"]
[WhiteElo "1421"]
[BlackElo "1765"]
[PlyCount "59"]
[EventDate "2017.09.17"]
[EventType "swiss"]
[EventRounds "9"]
[EventCountry "BUL"]
[SourceTitle "CBM 180 Extra"]
[Source "ChessBase"]
[SourceDate "2017.10.06"]
[SourceVersion "1"]
[SourceVersionDate "2017.10.06"]
[SourceQuality "1"]

1. Nf3 c5 2. c4 e6 3. Nc3 Nf6 4. e4 d6 5. d3 Nc6 6. d4 cxd4 7. Nxd4 Be7 8. Be2 0-0 9. 0-0 a6 10. Be3 Bd7 11. a3 Rb8 12. Rb1 Nxd4 13. Qxd4 e5 14. Qd2 Bc6 15. f3 Qd7 16. Nd5 Bxd5 17. cxd5 Rbc8 18. Rfc1 Rxc1+ 19. Rxc1 Rc8 20. Rxc8+ Qxc8 21. Bd3 Nd7 22. Qc2 Qxc2 23. Bxc2 Bd8 24. Kf2 Kf8 25. b3 Bb6 26. Bxb6 Nxb6 27. Ke3 Ke7 28. a4 f5 29. Bd3 f4+ 30. Kf2 1/2-1/2

[Event "Sliven op 17th"]
[Site "Sliven"]
[Date "2016.10.01"]
[Round "3"]
[White "Dimitrov, Ivan"]
[Black "Glavchev, Stanislav"]
[Result "1/2-1/2"]
[WhiteElo "1838"]
[BlackElo "2074"]
[PlyCount "132"]
[EventDate "2016.09.30"]
[EventType "swiss"]
[EventRounds "7"]
[EventCountry "BUL"]
[SourceTitle "EXT 2017"]
[Source "ChessBase"]
[SourceDate "2016.10.25"]
[SourceVersion "1"]
[SourceVersionDate "2016.10.25"]
[SourceQuality "1"]

1. Nf3 b6 2. d4 Bb7 3. e3 e6 4. Be2 f5 5. c4 Nf6 6. 0-0 Ne4 7. a3 a5 8. Nc3 Nxc3 9. bxc3 Bd6 10. Ne5 Bxe5 11. dxe5 Qg5 12. e4 f4 13. f3 Qxe5 14. Bd2 0-0 15. Be1 d6 16. Qc2 Nc6 17. Bf2 Qf6 18. Rab1 Bc8 19. Rfd1 e5 20. c5 bxc5 21. Bc4+ Be6 22. Bd5 Bxd5 23. exd5 Ne7 24. Rb7 Rfc8 25. c4 c6 26. dxc6 Nxc6 27. Qe4 Qe6 28. Rb6 Nd4 29. Bxd4 cxd4 30. c5 Rab8 31. Rxd6 Qb3 32. Qd5+ Qxd5 33. Rxd5 Rb3 34. Rxe5 d3 35. Rd5 Rxa3 36. Rf5 Rc3 37. Rxf4 R8xc5 38. Rd4 a4 39. R4xd3 Rxd3 40. Rxd3 Ra5 41. Ra3 Kf7 42. Kf2 Ke6 43. Ke3 Kd5 44. Kd3 Kc5 45. Kc3 Ra7 46. Ra2 Kb5 47. Re2 Rc7+ 48. Kb2 Kb4 49. Re4+ Rc4 50. Re7 a3+ 51. Kb1 a2+ 52. Kxa2 Rc2+ 53. Kb1 Rxg2 54. Kc1 Kc3 55. Kd1 h5 56. h4 Kd4 57. Ke1 g6 58. Kf1 Rh2 59. Re4+ Kd5 60. Kg1 Rd2 61. Re8 Ra2 62. Re7 Ra6 63. Kf2 Re6 64. Rg7 Ke5 65. Kg3 Kf6 66. Rg8 Rb6 1/2-1/2

[Event "Albena op-B"]
[Site "Albena"]
[Date "2016.06.23"]
[Round "5"]
[White "Dimitrov, Ivan"]
[Black "Jega, Gabriel"]
[Result "0-1"]
[WhiteElo "1878"]
[BlackElo "2002"]
[PlyCount "108"]
[EventDate "2016.06.19"]
[EventType "swiss"]
[EventRounds "7"]
[EventCountry "BUL"]
[SourceTitle "EXT 2017"]
[Source "ChessBase"]
[SourceDate "2016.10.25"]
[SourceVersion "1"]
[SourceVersionDate "2016.10.25"]
[SourceQuality "1"]

1. Nf3 Nf6 2. d4 g6 3. c4 c5 4. Nc3 Bg7 5. e4 cxd4 6. Nxd4 d6 7. Be2 0-0 8. 0-0 Nc6 9. Be3 Bd7 10. h3 a6 11. Qd2 Rc8 12. Rac1 Nxd4 13. Bxd4 Be6 14. b3 h5 15. f4 Bd7 16. Bf3 Bc6 17. Nd5 Bxd5 18. cxd5 Qd7 19. Rxc8 Rxc8 20. Rc1 Rxc1+ 21. Qxc1 Qb5 22. Qc4 Qa5 23. b4 Qa3 24. Qc8+ Kh7 25. e5 Qxb4 26. Bc3 Qb1+ 27. Kh2 Ne4 28. Qc4 Nxc3 29. Qxc3 dxe5 30. fxe5 Qf5 31. Qd2 Bxe5+ 32. Kg1 Qb1+ 33. Kf2 Qb2 34. Qxb2 Bxb2 35. d6 exd6 36. Bxb7 a5 37. Ke3 Kg7 38. Ke4 Kf6 39. a4 Kg5 40. Bd5 f5+ 41. Kf3 Kf6 42. Bc6 g5 43. Ke3 Ke5 44. Bf3 g4 45. hxg4 hxg4 46. Bc6 d5 47. Bd7 d4+ 48. Kd3 Bc1 49. Bc8 Be3 50. Bb7 Kf4 51. Ke2 Kg3 52. Bc6 f4 53. Be4 Bc1 54. Bd5 Kh2 0-1

[Event "Stara Zagora Beroe op 2nd"]
[Site "Stara Zagora"]
[Date "2016.02.21"]
[Round "4"]
[White "Stoyanov, Stoyan"]
[Black "Dimitrov, Ivan"]
[Result "0-1"]
[WhiteElo "1986"]
[BlackElo "1843"]
[PlyCount "66"]
[EventDate "2016.02.20"]
[EventType "swiss"]
[EventRounds "6"]
[EventCountry "BUL"]
[SourceTitle "CBM 171 Extra"]
[Source "ChessBase"]
[SourceDate "2016.04.26"]
[SourceVersion "1"]
[SourceVersionDate "2016.04.26"]
[SourceQuality "1"]

1. e4 c5 2. Nf3 e6 3. Nc3 d6 4. d3 Nf6 5. g3 Be7 6. Bg2 e5 7. 0-0 0-0 8. h3 Nc6 9. Be3 a6 10. Ne2 b5 11. c3 Bd7 12. Nh2 Qc8 13. g4 a5 14. f4 b4 15. d4 cxd4 16. cxd4 exd4 17. Nxd4 Nxd4 18. Bxd4 Rb8 19. g5 Ne8 20. Rc1 Qa6 21. Qh5 Bd8 22. f5 Bb6 23. Bxb6 Qxb6+ 24. Kh1 f6 25. e5 dxe5 26. g6 h6 27. Ng4 Qd6 28. Nxh6+ gxh6 29. Rfd1 Qe7 30. Rxd7 Qxd7 31. Rd1 Ng7 32. Qxh6 Qxd1+ 33. Kh2 Qh5 0-1

[Event "Teteven op 30th"]
[Site "Teteven"]
[Date "2015.08.15"]
[Round "8"]
[White "Kosturkov, Krasimir"]
[Black "Dimitrov, Ivan"]
[Result "0-1"]
[WhiteElo "1653"]
[BlackElo "1817"]
[PlyCount "124"]
[EventDate "2015.08.10"]
[EventType "swiss"]
[EventRounds "9"]
[EventCountry "BUL"]
[SourceTitle "CBM 167 Extra"]
[Source "ChessBase"]
[SourceDate "2015.09.14"]
[SourceVersion "1"]
[SourceVersionDate "2015.09.14"]
[SourceQuality "1"]

1. e4 c5 2. f4 e6 3. Nf3 d6 4. Bb5+ Bd7 5. Bxd7+ Qxd7 6. c4 Nc6 7. Nc3 Nd4 8. d3 Nxf3+ 9. Qxf3 Ne7 10. 0-0 Nc6 11. Be3 Be7 12. Rad1 Bf6 13. Rd2 0-0 14. Ne2 Nd4 15. Nxd4 cxd4 16. Bf2 e5 17. g4 exf4 18. Qxf4 Be5 19. Qf5 Qe6 20. Bh4 Qxf5 21. gxf5 f6 22. Rg2 Rf7 23. Kf2 a6 24. a4 Rc8 25. Kf3 b5 26. axb5 axb5 27. b3 Ra8 28. Rb1 Rb7 29. Rgb2 Rab8 30. cxb5 Rxb5 31. h3 d5 32. exd5 Rxd5 33. Bf2 Rbb5 34. Ke4 Bd6 35. Bxd4 Be5 36. Bxe5 Rxe5+ 37. Kd4 Rxf5 38. Ra2 Rf4+ 39. Ke3 Rh4 40. Ra8+ Kf7 41. Ra7+ Ke6 42. Rxg7 Rxh3+ 43. Kd4 Rd5+ 44. Kc4 Rdxd3 45. Rxh7 Rxb3 46. Rxb3 Rxh7 47. Rb5 Rd7 48. Rc5 f5 49. Rc8 f4 50. Rf8 Ke5 51. Re8+ Kf5 52. Rf8+ Ke4 53. Re8+ Kf3 54. Ra8 Kf2 55. Ra2+ Kg3 56. Ra8 f3 57. Rg8+ Kf2 58. Rf8 Ke2 59. Re8+ Kf1 60. Rf8 f2 61. Kc3 Rg7 62. Kd2 Kg2 0-1

[Event "Sunny Beach op-C 13th"]
[Site "Sunny Beach"]
[Date "2014.09.06"]
[Round "1"]
[White "Hansi, Otmar"]
[Black "Dimitrov, Ivan"]
[Result "1/2-1/2"]
[WhiteElo "1525"]
[BlackElo "1863"]
[PlyCount "88"]
[EventDate "2014.09.06"]
[EventType "swiss"]
[EventRounds "9"]
[EventCountry "BUL"]
[SourceTitle "CBM 162 Extra"]
[Source "ChessBase"]
[SourceDate "2014.10.17"]
[SourceVersion "1"]
[SourceVersionDate "2014.10.17"]
[SourceQuality "1"]

1. e4 c5 2. Nf3 e6 3. Nc3 a6 4. d4 cxd4 5. Nxd4 d6 6. Bd3 Nc6 7. Nxc6 bxc6 8. 0-0 Nf6 9. Re1 e5 10. Bg5 Be7 11. b3 0-0 12. Qd2 Qc7 13. Re3 h6 14. Bh4 Be6 15. Bxf6 Bxf6 16. Qd1 d5 17. Re1 d4 18. Ne2 c5 19. Ng3 g6 20. Qe2 a5 21. Bc4 Qd6 22. Bxe6 Qxe6 23. Rad1 Rfb8 24. Nf1 a4 25. Nd2 axb3 26. axb3 Ra2 27. Nc4 Bd8 28. Ra1 Rba8 29. Rxa2 Rxa2 30. Qd3 Bc7 31. h3 Qa6 32. Qe2 Kg7 33. Rc1 Qe6 34. Qd1 f5 35. Nd2 Bd8 36. Ra1 Qa6 37. Rxa2 Qxa2 38. exf5 gxf5 39. Nc4 Kf6 40. Nd6 Kg6 41. g4 Qa6 42. gxf5+ Kh7 43. Ne4 Bg5 44. Nxg5+ hxg5 1/2-1/2

[Event "Blagoevgrad op"]
[Site "Blagoevgrad"]
[Date "2013.10.01"]
[Round "6"]
[White "Dimitrov, Ivan"]
[Black "Yanev, Bogdan"]
[Result "1/2-1/2"]
[WhiteElo "1882"]
[BlackElo "1768"]
[PlyCount "87"]
[EventDate "2013.09.28"]
[EventType "swiss"]
[EventRounds "9"]
[EventCountry "BUL"]
[SourceTitle "CBM 156 Extra"]
[Source "ChessBase"]
[SourceDate "2013.10.22"]
[SourceVersion "1"]
[SourceVersionDate "2013.10.22"]
[SourceQuality "1"]

1. e4 c5 2. Nf3 d6 3. d4 cxd4 4. c3 dxc3 5. Nxc3 e6 6. Bc4 Be7 7. 0-0 Nc6 8. Bf4 Nf6 9. Re1 0-0 10. Nb5 Ne8 11. Rc1 a6 12. Nc3 b5 13. Bf1 Bb7 14. a3 e5 15. Bg3 Nc7 16. b4 Ne6 17. Nd5 Ncd4 18. Nxe7+ Qxe7 19. Nxd4 Nxd4 20. f3 Rac8 21. Bf2 Rxc1 22. Qxc1 Rc8 23. Qd2 Nc2 24. Rc1 Nxa3 25. Rxc8+ Bxc8 26. Qc3 Nc4 27. Bxc4 bxc4 28. Qxc4 Qe6 29. Qc7 Qd7 30. Bb6 Kf8 31. Qxd7 Bxd7 32. Kf2 Ke7 33. g3 f5 34. Ke3 g6 35. f4 Bc6 36. fxe5 dxe5 37. exf5 gxf5 38. Bc5+ Ke6 39. Bf8 h5 40. h4 Kd5 41. Be7 Kc4 42. Bd6 f4+ 43. gxf4 exf4+ 44. Kxf4 1/2-1/2

[Event "Teteven op 26th"]
[Site "Teteven"]
[Date "2011.08.14"]
[Round "2"]
[White "Todorov, Ognjan"]
[Black "Dimitrov, Ivan"]
[Result "1-0"]
[WhiteElo "2308"]
[BlackElo "1909"]
[PlyCount "55"]
[EventDate "2011.08.13"]
[EventType "swiss"]
[EventRounds "9"]
[EventCountry "BUL"]
[SourceTitle "CBM 143 Extra"]
[Source "ChessBase"]
[SourceDate "2011.08.29"]
[SourceVersion "1"]
[SourceVersionDate "2011.08.29"]
[SourceQuality "1"]

1. d4 Nf6 2. c4 c5 3. d5 b5 4. cxb5 a6 5. b6 Qxb6 6. Nc3 d6 7. e4 g6 8. Nf3 Nbd7 9. Be2 Bg7 10. 0-0 0-0 11. Nd2 Ne5 12. Kh1 Rb8 13. f4 Neg4 14. Nc4 Qc7 15. e5 dxe5 16. fxe5 Bf5 17. Bf4 Nh5 18. Bxg4 Nxf4 19. Bxf5 Bxe5 20. Be4 Rb4 21. Nxe5 Qxe5 22. Qf3 g5 23. Rae1 Qg7 24. g3 f5 25. Bb1 g4 26. Qd1 Ng6 27. Bxf5 Rxb2 28. Qxg4 1-0